000
00319nam a2200133Ia 4500
008
230917s9999||||xx |||||||||||||| ||und||
040
_e
93053
_a
MAIN
041
_a
English
082
_a
372.3045 P944E
100
_a
Promila
245
0
_a
Evalution of text book of science of 4th class
300
_a
69 p.
942
_c
TH
999
_c
87170
_d
87170